[Event "Olympiad-45"]
[Site "Budapest"]
[Date "2024.09.21"]
[Round "10.2"]
[White "Yeung, Jason"]
[Black "Giron Chavez, David Emanuel"]
[Result "1/2-1/2"]
[WhiteElo "1993"]
[BlackElo "2065"]
[PlyCount "92"]
[EventDate "2024.09.11"]
[EventType "team-swiss"]
[EventRounds "11"]
[EventCountry "HUN"]
[SourceTitle "EXT 2025"]
[Source "ChessBase"]
[SourceDate "2024.10.14"]
[SourceVersion "1"]
[SourceVersionDate "2024.10.14"]
[SourceQuality "1"]
[WhiteTeam "Suriname"]
[BlackTeam "Guatemala"]
[WhiteTeamCountry "SUR"]
[BlackTeamCountry "GUA"]

1. d4 Nf6 2. c4 e6 3. Nc3 Bb4 4. Qc2 d5 5. cxd5 Qxd5 6. Nf3 Qf5 7. Qxf5 exf5 8. Bd2 c6 9. e3 Nbd7 10. Bd3 Nb6 11. 0-0 Bd6 12. Nh4 g6 13. f3 Nfd5 14. g3 Be6 15. a3 Nxc3 16. Bxc3 0-0 17. e4 f4 18. g4 Na4 19. Ng2 Nxc3 20. bxc3 g5 21. Rfb1 b6 22. h4 h6 23. a4 Bc7 24. c4 Rfd8 25. d5 Be5 26. Ra2 Rac8 27. Kf1 cxd5 28. cxd5 Rc3 29. Ne1 Bd7 30. h5 Rdc8 31. a5 Rc1 32. Rxc1 Rxc1 33. axb6 axb6 34. Rc2 Ra1 35. Ke2 b5 36. Rc5 Bd6 37. Rc2 b4 38. Rb2 Be5 39. Rb1 Ra2+ 40. Kf1 Bc3 41. Nc2 Ra4 42. e5 Ra5 43. e6 fxe6 44. dxe6 Bxe6 45. Nxb4 Ra1 46. Rxa1 Bxa1 1/2-1/2

[Event "Olympiad-45"]
[Site "Budapest"]
[Date "2024.09.20"]
[Round "9.1"]
[White "Sixtus, Gabriel"]
[Black "Yeung, Jason"]
[Result "0-1"]
[WhiteElo "1800"]
[BlackElo "1993"]
[PlyCount "97"]
[EventDate "2024.09.11"]
[EventType "team-swiss"]
[EventRounds "11"]
[EventCountry "HUN"]
[SourceTitle "EXT 2025"]
[Source "ChessBase"]
[SourceDate "2024.10.14"]
[SourceVersion "1"]
[SourceVersionDate "2024.10.14"]
[SourceQuality "1"]
[WhiteTeam "Santa Lucia"]
[BlackTeam "Suriname"]
[WhiteTeamCountry "SLU"]
[BlackTeamCountry "SUR"]

1. d4 d5 2. Nf3 Nf6 3. Bf4 Bf5 4. e3 e6 5. c3 Bd6 6. Bg3 Ne4 7. Nbd2 0-0 8. Nxe4 Bxe4 9. Bd3 f5 10. 0-0 Bxg3 11. hxg3 Nd7 12. Be2 Bxf3 13. gxf3 c5 14. c4 cxd4 15. Qxd4 Qb6 16. cxd5 Qxd4 17. exd4 exd5 18. Rac1 Rac8 19. Bd3 g6 20. Rfe1 Kf7 21. Bb5 Nf6 22. b4 a6 23. Bd3 Rfe8 24. Kg2 Rxe1 25. Rxc8 Rd1 26. Bc2 Rxd4 27. Rc7+ Ke6 28. Rxb7 g5 29. Rb6+ Ke5 30. Kf1 Rd2 31. Bb3 Rd4 32. Ke2 h5 33. a3 h4 34. f4+ gxf4 35. gxh4 f3+ 36. Ke1 Rxh4 37. Bd1 Rh1+ 38. Kd2 Ne4+ 39. Kc2 Rf1 40. Rxa6 Rxf2+ 41. Kb3 Rf1 42. Bc2 f2 43. Bd3 Rc1 44. Kb2 Rd1 45. Bb5 Nd6 46. Kb3 Nxb5 47. Ka4 f1Q 48. Re6+ Kxe6 49. Kb3 0-1

[Event "Olympiad-45"]
[Site "Budapest"]
[Date "2024.09.16"]
[Round "6.62"]
[White "Yeung, Jason"]
[Black "Smith, Shreyas"]
[Result "0-1"]
[WhiteElo "1993"]
[BlackElo "2226"]
[PlyCount "66"]
[EventDate "2024.09.11"]
[EventType "team-swiss"]
[EventRounds "11"]
[EventCountry "HUN"]
[SourceTitle "EXT 2025"]
[Source "ChessBase"]
[SourceDate "2024.10.14"]
[SourceVersion "1"]
[SourceVersionDate "2024.10.14"]
[SourceQuality "1"]
[WhiteTeam "Suriname"]
[BlackTeam "Jamaica"]
[WhiteTeamCountry "SUR"]
[BlackTeamCountry "JAM"]

1. d4 Nf6 2. c4 g6 3. Nc3 Bg7 4. e4 d6 5. h3 0-0 6. Be3 Nc6 7. d5 Ne5 8. f4 Ned7 9. Bd3 e5 10. Nge2 exf4 11. Nxf4 Re8 12. 0-0 Nc5 13. Bd4 Nxd5 14. Bxg7 Nxf4 15. Rxf4 Kxg7 16. Qf3 Be6 17. Rf1 c6 18. Be2 Nd7 19. Nd1 Ne5 20. Qg3 Qa5 21. Ne3 Qxa2 22. Nf5+ Bxf5 23. exf5 Qxb2 24. Bh5 Kh8 25. fxg6 fxg6 26. Bd1 Qb6+ 27. Kh1 Qd8 28. Bc2 Qe7 29. Qf2 Kg7 30. h4 Rf8 31. h5 Rxf4 32. Qxf4 Rf8 33. h6+ Kg8 0-1

[Event "Olympiad-45"]
[Site "Budapest"]
[Date "2024.09.14"]
[Round "4.56"]
[White "Yeung, Jason"]
[Black "Bai, Adelard"]
[Result "0-1"]
[WhiteElo "1993"]
[BlackElo "2378"]
[PlyCount "50"]
[EventDate "2024.09.11"]
[EventType "team-swiss"]
[EventRounds "11"]
[EventCountry "HUN"]
[SourceTitle "EXT 2025"]
[Source "ChessBase"]
[SourceDate "2024.10.14"]
[SourceVersion "1"]
[SourceVersionDate "2024.10.14"]
[SourceQuality "1"]
[WhiteTeam "Suriname"]
[BlackTeam "Taiwan"]
[WhiteTeamCountry "SUR"]
[BlackTeamCountry "TPE"]

1. e4 c5 2. Nf3 Nc6 3. b3 d6 4. Bb2 e5 5. Bc4 Be7 6. c3 Nf6 7. Qe2 0-0 8. Na3 a6 9. 0-0 b5 10. Bd5 Nxd5 11. exd5 Nb8 12. d4 b4 13. cxb4 cxd4 14. Rfe1 Re8 15. Nd2 Bb7 16. f4 Bxd5 17. fxe5 dxe5 18. Qxe5 Nc6 19. Qf4 Bxb4 20. Nc2 Bc5 21. Rxe8+ Qxe8 22. Re1 Qd7 23. Nxd4 Qa7 24. Re5 Bxd4+ 25. Bxd4 Nxd4 0-1

[Event "Aruba op"]
[Site "Aruba"]
[Date "2023.10.07"]
[Round "5"]
[White "Yeung, Jason"]
[Black "Meza Ponce, Jerry"]
[Result "1/2-1/2"]
[WhiteElo "1880"]
[BlackElo "2126"]
[PlyCount "101"]
[EventDate "2023.10.05"]
[EventType "swiss"]
[EventRounds "7"]
[EventCountry "ARN"]
[SourceTitle "EXT 2025"]
[Source "ChessBase"]
[SourceDate "2024.10.14"]
[SourceVersion "1"]
[SourceVersionDate "2024.10.14"]
[SourceQuality "1"]

1. d4 Nf6 2. c4 g6 3. Nc3 Bg7 4. e4 d6 5. Be2 0-0 6. Be3 e5 7. dxe5 dxe5 8. Nf3 Qe7 9. 0-0 c6 10. Nd2 Na6 11. f3 Nh5 12. Re1 f5 13. a3 f4 14. Bf2 g5 15. b4 Rf6 16. Nb3 Rg6 17. b5 Nc7 18. Bc5 Qf6 19. Bxa7 Bf8 20. Bf2 Qg7 21. Ra2 g4 22. fxg4 Bxg4 23. Bxg4 Rxg4 24. Qf3 Nf6 25. Bc5 Ne6 26. Bxf8 Rxf8 27. Nd2 Ng5 28. Qf1 Kh8 29. Nf3 Nxf3+ 30. Qxf3 Rg8 31. a4 Qh6 32. Rf2 Rh4 33. g3 Ng4 34. Ree2 Nxf2 35. Rxf2 fxg3 36. hxg3 Rf4 37. Qe3 Qf6 38. a5 Rxf2 39. Qxf2 Qe7 40. Kg2 Rf8 41. Qe2 Qb4 42. Nd1 cxb5 43. cxb5 Qxa5 44. Ne3 Qc3 45. Nf5 Rg8 46. Qd1 Qc4 47. Qf3 Qxb5 48. Ne7 Qb6 49. Nxg8 Kxg8 50. Qf5 Qc7 51. Qe6+ 1/2-1/2